Datum a čas kvízu
27
Celkem bodů
Celkový počet nahraných bodů na tomto kvízu bez doplňovacích otázek.
10.
Pořadí na kvízu
Konečné umístění týmu na tomto kvízu.
Zaznamenané odpovědi
| # | Otázka | Odpověď | Body | Výsledky |
|---|---|---|---|---|
| 1. | Novinářskou cenu Ferdinanda Pe... | 0 | ||
| 2. | Podle čínského kalendáře vstou... | 1 | ||
| 3. | Jak se jmenuje osmnáctiletá st... | 0 | ||
| 4. | Zatímco s robotickým vozítkem... | 1 | ||
| 5. | Trenér české hokejové reprezen... | 0 | ||
| 6. | O Venezuele se poslední dobou... | 1 | ||
| 7. | Důvodem, proč se o Venezuele m... | 1 | ||
| 8. | Jak se slovy na V a K česky ří... | 1 | ||
| 9. | Nejvyšší vodopád na světě najd... | 0 | ||
| 10. | Vzhledem k přírodním podmínkám... | 0 |